00439nam a2200157Ia 45000010006000000050017000060080041000230410008000640820015000721000036000872450105001232600009002283000028002376500008002656540008002731644820260306170310.0260306t2016||||xx |||||||||||||| ||und|| aESP a348.6bD69 aDíaz Aroco, Teófila T.eAUT 0aDerecho individual del trabajo:bnuevas tendencias en el proceso de globalización de la economía c2016 a787 páginas :c24 cm. aGEN aCDE